| 000 | 00689nam a2200205 a 4500 | ||
|---|---|---|---|
| 005 | 20230608064013.0 | ||
| 008 | 040220s1998 ag r 000 0 spa d | ||
| 020 | _a9507246886 | ||
| 035 | _aUPN01000132062 | ||
| 049 | _aCG | ||
| 050 | 4 |
_aLB1584.5 A7 _bD8.3 |
|
| 100 | 1 | _aD'Uva, Alicia Rosa | |
| 245 | 1 | 4 |
_aLas ciencias sociales para la escuela nueva / _cAlicia Rosa D'Uva, Rosa Angela M. Rossi. |
| 260 |
_aBuenos Aires : _bLumen-Hvmanitas, _c1998. |
||
| 300 |
_a268 p. : _bil., gráfs. |
||
| 650 | 4 |
_aCiencias sociales _xEstudio y enseñanza _96678 |
|
| 650 | 4 |
_aCIENCIAS SOCIALES - _zARGENTINA - _vPLANES Y PROGRAMAS _91099 |
|
| 700 | 1 |
_aRossi, Rosa Angela M. _ecoaut. |
|
| 905 | _aLibro | ||
| 999 |
_c104217 _d104217 |
||